| 000 | 00751nam a22002417a 4500 | ||
|---|---|---|---|
| 005 | 20170124105920.0 | ||
| 010 | _aA-991804 | ||
| 020 |
_c00.00 _a8170227941 |
||
| 035 | _aA-991804 | ||
| 037 | _bCen Lib/Ret | ||
| 040 |
_aDPL _bEN |
||
| 082 |
_a307.1216 _bMAN |
||
| 100 |
_aMandal, R.B. _94190 |
||
| 245 |
_aUrban geography : _cby R.B. Mandal _ba text book / |
||
| 246 | _b | ||
| 260 |
_bConcept Publishing Company _c2000 _aNew Delhi |
||
| 270 |
_bNew Delhi _aA-15/16, commercial block, mohan garden _e110059 |
||
| 300 |
_a607p. _c21cm(Hb) |
||
| 500 | _aIncludes bibliographical references and index | ||
| 650 |
_aUrban Development _z _94191 |
||
| 650 |
_aPolicies & Planning _94192 |
||
| 942 |
_2ddc _cEN _h307.1216 _mMAN |
||
| 999 |
_c123111 _d123111 |
||